000 01344cam a22003734i 4500
003 PE-LiUPU
005 20250731183417.0
008 150616s r 000 0 d
035 _a(Sirsi) a3057
040 _aPE-LiUPU
_bspa
_cPE-LiUPU
_erda
049 _aPRUA
082 0 4 _a784
_bW58
_221
100 1 _aWhite, William Alfred,
_eautor.
245 1 4 _aThe lake nigh School song book.
264 1 _aChicago :
_bScott, Foresman and Company,
_c1916.
300 _a427 páginas :
_bilustraciones pentagramas ;
_c25 cm.
336 _atext
_2rdacontent
337 _aunmediated
_2rdamedia
338 _avolume
_2rdacarrier
505 0 _aCánticos escolares en órden alfabético desde la A: Abide with me - Y: Yo-Ho.
526 _aP158
526 _aP146
526 _aP17
526 _aP12
526 _aP06
650 0 4 _aMUSICA - IMPOSTACION VOCAL.
910 _ajck
_bjvq
_cjck
942 _2ddc
_cBOOK
949 _a784 W58
_wDEWEY
_c1
_i03844
_lCCODEBUL1
_mBUL
_p00.00
_r0
_sY
_tBOOK
_u2015-04-23
_xBIBLIOTECA
_zUNKNOWN
_0COMPRA
_o.STAFF. Colección General
994 _aC0
_bPEPRU
596 _a1
999 _a784 W58
_wDEWEY
_c38028
_i03844
_f2021-11-8
_g5
_lRCG
_mBUL
_r1
_sY
_tBOOK
_u2015-4-23
_xBIBLIOTECA
_zUNKNOWN
_0COMPRA
_o.STAFF. Colección General
_d38028
980 _81
_gALBERTO SANCHEZ Responsable de Automatización